| 000 | 00732cam a2200217u 4500 | ||
|---|---|---|---|
| 082 |
_a780 _bMUS |
||
| 100 | 1 |
_aGreig, John, _950146 |
|
| 245 | 1 | 4 |
_aThe musical educator; _ca library of musical instruction by eminent specialists. |
| 260 |
_aLondon, _bCaxton Pub. Co. _c[1910?] |
||
| 300 |
_a5 v. _billus., fold. plates, ports. _c27 cm. |
||
| 526 |
_a0 _b0 _c0 _d780_000000000000000_MUS |
||
| 526 |
_a0 _b0 _c0 _d780_000000000000000_MUS |
||
| 526 |
_a0 _b0 _c0 _d780_000000000000000_MUS |
||
| 526 |
_a0 _b0 _c0 _d780_000000000000000_MUS |
||
| 526 |
_a0 _b0 _c0 _d780_000000000000000_MUS |
||
| 650 | 0 |
_aMCE _9379 |
|
| 650 | 0 |
_aMusic _xInstruction and study. _950147 |
|
| 650 | 0 |
_aMusic. _93827 |
|
| 650 | 0 |
_aMusicians _950148 |
|
| 942 |
_2ddc _cBK |
||
| 999 |
_c552878 _d552878 |
||